| 000 | 00654nam a2200217 i 4500 | ||
|---|---|---|---|
| 001 | bimo0000056016 | ||
| 003 | OSt | ||
| 005 | 20151019171053.0 | ||
| 008 | 891019s1988 sp spa | ||
| 020 | _a84-339-2314-5 | ||
| 040 | _cBMC | ||
| 082 | _a823 | ||
| 100 | 1 |
_aSharpe, Tom _d1928-2013 _932253 |
|
| 245 | 1 | 4 |
_aLas Tribulaciones de Wilt _cTom Sharpe; traducción, Marisol de Mora |
| 260 | 1 |
_aBarcelona _bAnagrama _c1988 |
|
| 300 |
_a254 p. _c20 cm |
||
| 546 | _aTraducción de: The Wilt alternative | ||
| 650 | 2 | 4 |
_911162 _aNovela inglesa |
| 700 | 1 |
_aMora Charles, M. S. de _936745 _q (Marisol S.) |
|
| 942 |
_2ddc _cBK _hprozim |
||
| 999 |
_c23051 _d23051 |
||